00234 a2200109 4500001000700000020000600007040001100013100002000024240003800044245003300082362000900115169537 a  cMagnum aPrzybylski, Edy10aO supervisor escolar em acaolpor10aO supervisor escolar em acao0 a1899